Normal view MARC view
  • Mill, Cherry

Entry Personal Name

Number of records used in: 1

001 - CONTROL NUMBER

  • control field: 2590

003 - CONTROL NUMBER IDENTIFIER

  • control field: OSt

005 - DATE AND TIME OF LATEST TRANSACTION

  • control field: 20160623152451.0

008 - FIXED-LENGTH DATA ELEMENTS

  • fixed length control field: 160623|| aca||aabn | a|a d

040 ## - CATALOGING SOURCE

  • Original cataloging agency: OSt
  • Transcribing agency: OSt

100 ## - HEADING--PERSONAL NAME

  • Personal name: Mill, Cherry

670 ## - SOURCE DATA FOUND

  • Source citation: Work cat.: (OSt): Mill, Cherry, Managing for the first time, 2000